| 000 | 00548nam a22002057a 4500 | ||
|---|---|---|---|
| 005 | 20260624154433.0 | ||
| 008 | 260624b |||||||| |||| 00| 0 eng d | ||
| 020 |
_a9780521401685 _qhb |
||
| 082 |
_a620.44 _bDEA |
||
| 100 | _aDearnley, P.A. | ||
| 245 | _aIntroduction to surface engineering | ||
| 260 |
_aCambridge _bCambridge University press _c2017 |
||
| 300 | _ax, 510p. ; 20cm. | ||
| 653 | _aSurfaces (Technology) | ||
| 653 | _aMetals Surfaces | ||
| 653 | _aCoatings | ||
| 653 | _aEngineering | ||
| 653 | _aMM322 | ||
| 942 |
_2ddc _cBK |
||
| 999 |
_c57259 _d57259 |
||